Normal view MARC view

Entry Nombre personal

Number of records used in: 2

001 - NÚMERO DE CONTROL

  • campo de control: 173627

003 - IDENTIFICADOR DE NÚMERO DE CONTROL

  • campo de control: SpMaBN

005 - FECHA Y HORA DE LA ÚLTIMA TRANSACCIÓN

  • campo de control: 20231220195957.0

008 - ELEMENTOS DE DATO DE LONGITUD-FIJA

  • campo de control de longitud fija: 950703n| aijnnaabn |a aaa

016 ## - NÚMERO DE CONTROL DE UNA AGENCIA BIBLIOGRÁFICA NACIONAL

  • Número de control del registro: BNE19950712404

024 7# - IDENTIFICADOR DE OTROS ESTÁNDARES

  • Número estándar o código: http://viaf.org/viaf/87635570/
  • Fuente: viaf

040 ## - FUENTE DE CATALOGACIÓN

  • Centro catalogador/agencia de origen: SpMaBN
  • Lengua de catalogación: spa
  • Centro/agencia transcriptor: SpMaBN
  • Normas de descripción: rdc
  • Convención/Normas de encabezamiento de materia/tesauro: embne

100 1# - ENCABEZAMIENTO-NOMBRE DE PERSONA

  • Nombre de persona: Chazarra Montiel, Antonio

373 ## - GRUPO ASOCIADO

  • Grupo asociado: Ateneo de Madrid
  • Período de inicio: 2005
  • Fuente de información: Censo mensual de socios 2023; Olmos, Víctor. Ágora de la libertad: historia del Ateneo de Madrid (2018-2019)

375 ## - GÉNERO/SEXO

  • Género: Masculino

400 1# - TRAZADO DE VÉASE--NOMBRE DE PERSONA

  • Nombre de persona: Chazarra, Antonio

670 ## - FUENTE DE DATOS ENCONTRADOS

  • Cita de la fuente: La familia, instrumento de cambio y educación, 1994
  • Información encontrada: port. (Antonio Chazarra Montiel)

670 ## - FUENTE DE DATOS ENCONTRADOS

  • Cita de la fuente: ¿50 años de derechos humanos?, 1998
  • Información encontrada: port. (Antonio Chazarra)

678 ## - DATOS BIOGRÁFICOS O HISTÓRICOS

  • Datos biográficos o históricos: Socio del Ateneo de Madrid n. 30075; ingresó 9/12/2005. Vicepresidente segundo del Ateneo en 2015-16
  • Ampliación de la nota: Fuente: Censo mensual de socios 2023; Olmos, Víctor. Ágora de la libertad: historia del Ateneo de Madrid (2018-2019)